000 01074nam a2200385 a 4500
003 AR-BaBNM
005 20251128203000.0
008 082120s2002 ||||||||||||||000 | spa||
020 _a84-7100-407-0
040 _cAR-BaBNM
100 1 _aGünther Doering, Juan
245 0 0 _aLima
250 _a1ª ed.
260 _aMadrid
_bMapfre
_c1992
300 _a340 p.
_bil.,láms., tablas, mapas
490 0 _aCiudades de Iberoamérica
_vv. 4
500 _aApéndices para consultar p. 313-328.
650 4 _aDEMOGRAFIA HISTORICA
650 4 _aCIUDADES
650 4 _aDESARROLLO URBANO
650 4 _aHISTORIA SOCIAL
650 4 _aHISTORIA DE LAS COSTUMBRES
650 4 _aPERIODO HISPANICO
650 4 _aPERIODO INDEPENDIENTE
650 4 _aURBANIZACION
650 4 _aPRESERVACION DE LOS MONUMENTOS
650 4 _aMONUMENTOS HISTORICOS
651 4 _aPerú
651 4 _aAmérica Latina
700 1 _aLohmann Villena, Guillermo
800 1 _aGallego, José Andrés
_ecoordinador
800 1 _aLucena, Manuel
_edirector
942 _cBK
998 _cmariana
999 _c1357
_d1357